Statistics for Adele Songs (Updated February 2024)

Click here to take the quiz!

General Stats

  • This quiz has been taken 1,244 times
    (106 since last reset)
  • The average score is 26 of 62

Answer Stats

Album#Answer% Correct
251Hello
97%
215Set Fire to the Rain
90%
211Rolling in the Deep
88%
2111Someone Like You
87%
302Easy on Me
80%
193Chasing Pavements
76%
213Turning Tables
73%
SinglesSkyfall
72%
2510All I Ask
71%
256Water Under The Bridge
70%
254When We Were Young
70%
1912Hometown Glory
67%
307I Drink Wine
67%
212Rumour Has It
66%
252Send My Love (To Your New Lover)
64%
199Make You Feel My Love
60%
258Love In The Dark
58%
257River Lea
58%
255Remedy
57%
305Oh My God
55%
219One and Only
52%
259Million Years Ago
50%
303My Little Love
49%
214Don't You Remember
44%
253I Miss You
44%
3012Love Is a Game
42%
3011To Be Loved
42%
191Daydreamer
41%
301Strangers by Nature
40%
2511Sweetest Devotion
38%
2110Lovesong
37%
306Can I Get It
36%
196Melt My Heart to Stone
36%
217Take It All
36%
216He Won't Go
35%
3010Hold On
35%
218I'll Be Waiting
35%
309Woman Like Me
35%
1911Tired
34%
308All Night Parking
33%
194Cold Shoulder
33%
304Cry Your Heart Out
33%
197First Love
33%
195Crazy for You
31%
1910My Same
31%
192Best for Last
27%
198Right As Rain
26%
CollaborationsMany Shades Of Black
23%
21I Found a Boy
19%
25Can't Let Go
15%
19That's It, I Quit, I'm Moving On
15%
CollaborationsWater and a Flame
15%
25Why Do You Love Me
14%
30Wild Wild West
14%
21Hiding My Heart
12%
25Lay Me Down
12%
30Can't Be Together
10%
21If It Hadn't Been for Love
9%
19Painting Pictures
9%
19Now and Then
8%
CollaborationsBe Divine
7%
21Need You Now
7%

Score Distribution

Percentile by Number Answered

Percent of People with Each Score

Your Score History

You have not taken this quiz since the last reset